| 000 | 00611nam a2200205 4500 | ||
|---|---|---|---|
| 001 | 126355 | ||
| 003 | ES-MaACL | ||
| 005 | 20230906192815.0 | ||
| 007 | t| | ||
| 008 | 070214s1976 sp r ||||1| cat d | ||
| 100 | 1 |
_aRecolons, Luis. _995779 |
|
| 245 | 1 | 3 |
_aLa població de Catalunya _b: distribució territorial i evolució demográfica : (1900-1970) / _cLuis Recolons. |
| 250 | _a1ª. ed. | ||
| 260 |
_aBarcelona : _bLaia, _c1976. |
||
| 300 |
_a268 p. ; _c24 cm. |
||
| 490 | 1 |
_aLes eines ; _v10 |
|
| 830 | 0 |
_aLes eines ; _v10 _9187276 |
|
| 852 |
_aES-MaACL _jA-5899 _bR.94669 |
||
| 999 |
_c126355 _d126355 |
||